书目信息 |
| 题名: |
两面间谍
|
|
| 作者: | 马斯特曼 著 ;肖钟 译 | |
| 分册: | ||
| 出版信息: | 北京 群众出版社 1979 |
|
| 页数: | 182页 | |
| 开本: | 19cm | |
| 丛书名: | ||
| 单 册: | ||
| 中图分类: | D561 | |
| 科图分类: | ||
| 主题词: | 间谍-情报工作--英国--史料 , 国际政治 , 情报工作-间谍--英国--史料 | |
| 电子资源: | ||
| ISBN: | ||
| 000 | 00919nam0 2200289 45 | |
| 001 | 0179002765 | |
| 005 | 20060813153257.67 | |
| 010 | @dCNY0.59 | |
| 091 | @a3067.85 | |
| 100 | @a19950713d1979 em y0chiy0121 ea | |
| 101 | 1 | @achi@ceng |
| 102 | @aCN@b110000 | |
| 105 | @ay z 000yy | |
| 200 | 10 | @a两面间谍@Aliang mian jian die@e第二次世界大战中的两面间谍系统@f(英)约翰·马斯特曼著@F(ying)yue han·ma si te man zhu@g肖钟译@Gxiao zhong yi |
| 210 | @a北京@c群众出版社@d1979 | |
| 215 | @a182页@d19cm | |
| 300 | @a内部发行 | |
| 517 | 1 | @a第二次世界大战中的两面间谍系统@Adi er ci shi jie da zhan zhong de liang mian jian die xi tong |
| 606 | @a间谍-情报工作@y英国@x史料 | |
| 606 | 0 | @a国际政治 |
| 606 | @a情报工作-间谍@y英国@x史料 | |
| 610 | 0 | @a二战 |
| 690 | @aD561 | |
| 701 | 1 | @a马斯特曼@Ama si te man@4著 |
| 702 | 0 | @a肖钟@Axiao zhong@4译 |
| 801 | 0 | @aCN@bNLC@c20060813 |
| 905 | @f1@b31603@dD561@e6 | |
| 两面间谍:第二次世界大战中的两面间谍系统/(英)约翰·马斯特曼著/肖钟译.-北京:群众出版社,1979 |
| 182页;19cm |
| 内部发行 |
| ISBN :CNY0.59 |
| ● |
| 相关链接 |
|
|
|
|
正题名:两面间谍
索取号:D561/6
 
预约/预借
| 序号 | 登录号 | 条形码 | 馆藏地/架位号 | 状态 | 备注 |
| 1 | 0031591 | 001717137 | 密集书库/ [索取号:D561/6] | 在馆 | |
| 2 | 0031592 | 202151802 | 密集书库/ [索取号:D561/6] | 在馆 | |
| 3 | 0031593 | 001717173 | 密集书库/ [索取号:D561/6] | 在馆 | |
| 4 | 0031594 | 001910962 | 密集书库/ [索取号:D561/6] | 在馆 | |
| 5 | 0031595 | 001910926 | 密集书库/ [索取号:D561/6] | 在馆 | |
| 6 | 0031596 | 001910882 | 密集书库/ [索取号:D561/6] | 在馆 | |
| 7 | 0031597 | 001911006 | 密集书库/ [索取号:D561/6] | 在馆 | |
| 8 | 0031598 | 001717422 | 密集书库/ [索取号:D561/6] | 在馆 | |
| 9 | 0031599 | 001898600 | 密集书库/ [索取号:D561/6] | 在馆 | |
| 10 | 0031600 | 001761132 | 密集书库/ [索取号:D561/6] | 在馆 | |
| 11 | 0031601 | 001717413 | 密集书库/ [索取号:D561/6] | 在馆 | |
| 12 | 0031602 | 001719340 | 密集书库/ [索取号:D561/6] | 在馆 | |
| 13 | 0031603 | 000482409 | 第一样本阅览室/ [索取号:D561/6] | 在馆 | |
| 14 | 0031604 | 001760936 | 密集书库/ [索取号:D561/6] | 在馆 | |
| 15 | 0031605 | 001722906 | 密集书库/ [索取号:D561/6] | 在馆 | |
| 16 | 0459391 | 204593911 | 密集书库/ [索取号:D561/6] | 在馆 | |
| 17 | 0459392 | 204593920 | 密集书库/ [索取号:D561/6] | 在馆 |